000
00240nam a22000857a 4500
008
170601b xxu||||| |||| 00| 0 eng d
100
_9
3210
_a
Shastri. C
245
_a
The Living Fire indigestion other stories
260
_a
New Delhi
_b
Devamala
_c
2001
999
_c
6523
_d
6523